Français : Conjugaison - Statistiques

Statistiques générales
  • Ce quiz a été pris 58 fois
  • Le résultat moyen est 31 sur 54
Statistiques - réponses
Questions Réponses % Correct
Déchoir Déchois
89%
Déchois
89%
Déchoit
89%
Déchoient
70%
Songer Songeais
68%
Songeais
68%
Absoudre Absous
66%
Absous
66%
Absout
66%
Songeait
66%
Joignaient
64%
Joindre Joignais
64%
Joignais
64%
Joignait
64%
Joigniez
64%
Joignions
64%
Peindre Peignais
64%
Peignais
64%
Peignait
64%
Songeaient
64%
Songiez
64%
Songions
64%
Peignaient
61%
Peigniez
61%
Peignions
61%
Acquiert
55%
Croire Crus
55%
Crus
55%
Crut
55%
Déchoyons
55%
Acquérir Acquiers
52%
Acquiers
52%
Déchoyez
52%
Tenir Tins
52%
Tins
52%
Acquièrent
50%
Naquirent
50%
Naître Naquis
50%
Naquis
50%
Naquit
50%
Tint
50%
Acquérez
48%
Acquérons
48%
Crûmes
48%
Crurent
48%
Crûtes
48%
Naquîmes
45%
Naquîtes
45%
Tinrent
41%
Tînmes
39%
Tîntes
39%
Absolvent
36%
Absolvez
36%
Absolvons
36%
Aucun quiz correspondant
Distribution des résultats
% des personnes avec chaque résultat
Percentile par nombre de réponses
Votre historique - résultats
Vous n’avez pas pris ce quiz